A avó Nora e o mapa do caos (Record no. 2023)

MARC details
000 -Etiqueta do registo
Valores 00786nam a2200277 4500
010 ## - Número ISBN
ISBN 9789895836765
021 ## - Número do Depósito Legal
Código do país Portugal
Número 548458/25
100 ## - Dados gerais de processamento
Dados gerais 20251217d2025 c||y0pory50030103ba
101 ## - Língua de publicação
Língua Português
102 ## - País de publicação
País Portugal
200 ## - Titulo e menção de responsabilidade
Título próprio A avó Nora e o mapa do caos
Primeira menção de responsabilidade Joseph Elliott
Outras menções de responsabilidade il. Nici Gregory
-- trad. Dulce Afonso
205 ## - Menção da edição
Edição 1ª edição
210 ## - Publicação
Local de publicação Lisboa
Nome do editor Nuvem de Letras
Data de publicação 2025
215 ## - Descrição física 
Paginação / Volumes 316 p.
Outras indicações físicas il.
Dimensões 21 cm
225 ## - Colecção 
Título próprio da colecção A avó Nora
Indicação de volume 1
300 ## - Notas gerais 
Texto da nota BMB-Registado
304 ## - Nota relativa ao título
Texto de nota Tít. orig.: Nora and the map of mayhem
606 ## - Nome comum usado como assunto
ID Autoridade 815
Palavra de ordem Literatura Juvenil
675 ## - CDU
Notação 087.5
Edição BMB
Língua por
700 ## - Autor principal (pessoa individual)
Apelido Elliott
Nome Joseph
ID Autoridade 2895
702 ## - Autor secundário (pessoa individual)
Apelido Gregory
Nome Nici
Função Ilustrador
ID Autoridade 2896
702 ## - Autor secundário (pessoa individual)
Apelido Afonso
Nome Dulce
Função Tradutor
ID Autoridade 1300
801 ## - Fonte de origem
País PT
Agência BMB
Regras de catalogação RPC
990 ## - Elementos KOHA
Tipo de documento Livro
Holdings
Situação do levantamento Estado Número Biblioteca de origem Código de barras Cota Permissão de empréstimo Tipo de documento Forma de aquisição
    1 Biblioteca Municipal de Borba 1973 087.5 ELL / AVO   Livro Compra
Biblioteca Municipal de Borba

Powered by Koha